000 00631pam a2200217 a 4500
001 4786606
005 20180314045225.0
008 870702s1988 nyua b 001 0 eng
010 _a 87020292
020 _a0471847372 :
_c$35.00 (est.)
040 _aDLC
_cDLC
_dDLC
041 _aeng
080 _a660.63 pau
082 0 0 _a660.63 pau
_219
100 1 _a11
101 _abio
245 1 0 _aBioseparations :
_cPaul A. Belter, E.L. Cussler, Wei-Shou Hu.
504 _aIncludes bibliographies and index.
906 _a7
_bcbc
_corignew
_d1
_eocip
_f19
_gy-gencatlg
942 _2ddc
_cBK
999 _c44957
_d44957